|
|
|
|
| LEADER |
01258nam a2200277 a 4500 |
| 001 |
1496817 |
| 008 |
091230s1986 enk b 000 0 eng d |
| 010 |
|
|
|a 88117764
|
| 020 |
|
|
|a 0745300502
|
| 040 |
|
|
|a DLC
|c DLC
|d DLC
|d BD-DhAAL
|
| 082 |
0 |
0 |
|a 305.42/0967
|2 20
|
| 100 |
1 |
|
|a Thiam, Awa.
|
| 240 |
1 |
0 |
|a Parole aux négresses.
|l English
|
| 245 |
1 |
0 |
|a Speak out, Black sisters :
|b feminism and oppression in Black Africa /
|c Awa Thiam ; translated by Dorothy S. Blair.
|
| 260 |
|
|
|a London ;
|a Dover, N.H. :
|b Pluto Press,
|c 1986.
|
| 300 |
|
|
|a 136 p. ;
|c 20 cm.
|
| 500 |
|
|
|a Translation of: La parole aux négresses.
|
| 504 |
|
|
|a Bibliography: p. [135]-136.
|
| 541 |
1 |
|
|e 00003480
|
| 650 |
|
0 |
|a Women
|z Africa, Sub-Saharan
|x Social conditions
|x Case studies.
|
| 650 |
|
0 |
|a Muslim women
|z Africa, Sub-Saharan
|x Social conditions
|x Case studies.
|
| 650 |
|
0 |
|a Sex discrimination against women
|z Africa, Sub-Saharan
|x Case studies.
|
| 650 |
|
0 |
|a Feminism
|z Africa, Sub-Saharan.
|
| 852 |
4 |
|
|a Ayesha Abed Library
|j General Shelf.
|
| 999 |
|
|
|c 6560
|d 6560
|
| 952 |
|
|
|0 0
|1 0
|2 ddc
|4 0
|6 305_420967000000000_THI_1986
|7 0
|9 6672
|a BRACUL
|b BRACUL
|c GEN
|d 2009-12-31
|g 0.00
|l 2
|m 14
|o 305.420967 THI
|p 3010003480
|r 2023-04-26
|s 2023-01-22
|t 1
|w 2009-12-31
|y BK
|x No price found in the accession register.
|